Statistiques concernant Nommez les power rangers rouge

Cliquez ici pour prendre le quiz!

Statistiques générales

  • Ce quiz a été pris 43 fois
    (18 depuis la dernière actualisation)
  • Le résultat moyen est 7 sur 31

Statistiques - réponses

HintRéponse% Correct
Ranger rouge dans l’espaceAndros
50%
Ranger rouge de dino furyZayto
50%
Ranger rouge zeoTommy oliver
43%
1 Ranger rouge de turboTommy oliver
43%
1 ranger rouge de mighty morphinJason Lee scott
36%
2 ranger rouge de force du tempsWes collins
36%
1 ranger rouge de samuraiJayden shiba
29%
2 ranger rouge de samuraiLauren shiba
29%
1 ranger rouge de force du tempsAlex drake
21%
Ranger rouge alienAurico
21%
2 ranger rouge de ninja steelBrody romero
21%
Ranger rouge sauvetage éclairCarter grayson
21%
Ranger rouge de force animaleCole evans
21%
1 ranger rouge de ninja steelDane romero
21%
1 ranger rouge de spdJack landors
21%
Ranger rouge l’autre galaxieLeo corbett
21%
Ranger rouge de force mystiqueNick russell
21%
2 ranger rouge de mighty morphinRocky desantos
21%
Ranger rouge de force cycloneShane clarke
21%
2 ranger rouge de turboT J johnson
21%
ranger rouge cosmic furyamelia jones
14%
3 ranger rouge de spdBridge carson
14%
Ranger rouge de jungle furyCasey rhodes
14%
Ranger rouge de dino tonnerreConner mcknight
14%
Ranger rouge de beast morphersDevon Daniels
14%
Ranger rouge de opération overdriveMack hartford
14%
3 ranger rouge de ninja steelmick kanic
14%
Ranger rouge de rpmScott truman
14%
2 ranger rouge de spdSky tate
14%
Ranger rouge de megaforceTroy burrows
14%
Ranger rouge de dino chargeTyler navarro
14%

Distribution des résultats

Percentile par nombre de réponses

% des personnes avec chaque résultat

Votre développement - résultats

Vous n’avez pas pris ce quiz depuis la dernière actualisation